000
00251 a2200097 4500
001
52991
100
_a
Taylor, M J H
245
_a
Jane's Pocket Book of Research & Experimental Aircraft
260
_a
New York
_b
Collier Books
_c
090
_c
33317
_d
33317
942
_a
NUST-CAE
_c
M
_c
25911
999
_c
288064
_d
288064